Music Quiz

Random Music or Song Quiz

Song Title Endings II Quiz Stats

 Plays Quiz Updated Apr 11, 2017

Support Sporcle.
Go Orange.
Score 0/40 Timer 04:00
3 Plays Today
% Correct
Again
96%
You
95.6%
Out
95.5%
Rhapsody
95.2%
Be
94.6%
Bottle
94.4%
Gone
93.9%
Young
93.8%
Baby
93.5%
On
93.3%
Fire
93%
Queen
92.8%
Dreams
92.8%
Shoes
90.6%
Tok
89.6%
Jagger
88.4%
Wind
88.4%
Vida
87.3%
Me
86.8%
Black
84.7%
% Correct
Criminal
84%
Lady
82.4%
Run
82%
Preach
81.9%
Love
81%
Gurls
80.9%
Good
80.9%
Jets
79.8%
Yourself
79.3%
Romance
78.4%
Problems
77.7%
Eyes
77.6%
Calling
76.7%
Eileen
73.1%
Numb
72.9%
Rain
72.5%
Boy
71.9%
Trouble
67.8%
Fools
54.4%
Dog
49.3%

You're not logged in!

Compare scores with friends on all Sporcle quizzes.
OR
Log In
Forgot?

From the Vault

Famous Twosomes

by Matt

If hands on a clock or blades of scissors had more interesting names, they might have made this quiz.
Remove Ads.
Support Sporcle.
Get the best of Sporcle when you Go Orange. This ad-free experience offers more features, more stats, and more fun while also helping to support Sporcle. Thank you for becoming a member.

Show Comments

Extras

Top Quizzes Today


Score Distribution

Your Account Isn't Verified!

In order to create a playlist on Sporcle, you need to verify the email address you used during registration. Go to your Sporcle Settings to finish the process.

Report this User

Report this user for behavior that violates our Community Guidelines.

Details: